000
00326 a2200133 4500
003
OSt
005
20180116182707.0
008
160816b xxu||||| |||| 00| 0 eng d
040
_c
0
100
_a
A.AZIZ
245
_a
Pakistan form Crisis to Crisis.
260
_a
Royal Book Company
_c
1986
942
_a
NBS
_c
BK
_k
954.91 ABD
_2
ddc
999
_c
344199
_d
344199